[Event "Civil Service Ch 5th"]
[Site "Leeds"]
[Date "1995.??.??"]
[Round "3"]
[White "Carr, J"]
[Black "Howarth, Ian S"]
[Result "1/2-1/2"]
[WhiteElo "1785"]
[BlackElo "1760"]
[PlyCount "80"]
[EventDate "1995.04.??"]
[EventType "swiss"]
[EventRounds "5"]
[EventCountry "ENG"]
[SourceTitle "BritBase"]
[Source "John Saunders"]
[SourceDate "2024.12.03"]
[SourceVersion "1"]
[SourceVersionDate "2024.12.03"]
[SourceQuality "1"]

1. c4 Nf6 2. f3 d6 3. e4 e5 4. Nc3 g6 5. Nge2 Bg7 6. d4 O-O 7. Be3 Nc6 8. d5 Nb8 9. Qd2 Re8 10. g4 Na6 11. Ng3 h5 12. gxh5 Nxh5 13. Nxh5 gxh5 14. O-O-O f5 15. Bh6 Qf6 16. Rg1 Re7 17. Bg5 Qg6 18. Bh3 Rf7 19. Bh6 Qf6 20. Rg2 Kh7 21. Bxg7 Rxg7 22. Rdg1 Rxg2 23. Qxg2 Bd7 24. Bxf5+ Bxf5 25. exf5 Nc5 26. Ne4 Nxe4 27. fxe4 c6 28. Qh3 Qh6+ 29. Kd1 Rg8 30. Rxg8 Kxg8 31. Qg3+ Kf7 32. h4 Kf6 33. Qg8 cxd5 34. Qe6+ Kg7 35. Qxh6+ Kxh6 36. cxd5 b6 37. Kc2 a6 38. Kc3 Kg7 39. Kc4 Kf6 40. b4 b5+ 1/2-1/2

[Event "Civil Service Ch 5th"]
[Site "Leeds"]
[Date "1995.??.??"]
[Round "4"]
[White "Ashby, Anthony C"]
[Black "Charter, Mark R"]
[Result "1-0"]
[WhiteElo "2095"]
[BlackElo "2185"]
[PlyCount "67"]
[EventDate "1995.04.??"]
[EventType "swiss"]
[EventRounds "5"]
[EventCountry "ENG"]
[SourceTitle "BritBase"]
[Source "John Saunders"]
[SourceDate "2024.12.03"]
[SourceVersion "1"]
[SourceVersionDate "2024.12.03"]
[SourceQuality "1"]

1. e4 e6 2. Nf3 d5 3. e5 c5 4. b4 cxb4 5. d4 Nc6 6. a3 Bd7 7. axb4 Bxb4+ 8. c3 Be7 9. Bd3 f5 10. g4 fxg4 11. Ng1 Bg5 12. Ba3 Nh6 13. h3 Qa5 14. hxg4 Nxd4 15. Bxh7 Nb5 16. Bg6+ Kd8 17. Be7+ Bxe7 18. Rxa5 Nxc3 19. Qb3 b6 20. Ra1 Nxb1 21. Qxb1 Kc7 22. Bd3 a5 23. Be2 Bb4+ 24. Kf1 Raf8 25. Qg6 Nxg4 26. Bxg4 Rxh1 27. Kg2 Rhh8 28. Nf3 Bc5 29. Ra2 Re8 30. Ng5 Rh4 31. Nxe6+ Bxe6 32. Bxe6 Rhh8 33. Bxd5 Re7 34. Qc6+ 1-0

[Event "Civil Service Ch 5th"]
[Site "Leeds"]
[Date "1995.??.??"]
[Round "4"]
[White "Pheby, Ian M"]
[Black "Thurlow, Kevin J"]
[Result "0-1"]
[WhiteElo "2005"]
[BlackElo "2050"]
[PlyCount "92"]
[EventDate "1995.04.??"]
[EventType "swiss"]
[EventRounds "5"]
[EventCountry "ENG"]
[SourceTitle "BritBase"]
[Source "John Saunders"]
[SourceDate "2024.12.03"]
[SourceVersion "1"]
[SourceVersionDate "2024.12.03"]
[SourceQuality "1"]

1. e4 c5 2. Nf3 e6 3. d3 d5 4. Nbd2 Nc6 5. g3 dxe4 6. dxe4 e5 7. Bg2 Bg4 8. O-O Bd6 9. c3 Nf6 10. Qc2 b5 11. Rd1 O-O 12. h3 Bh5 13. Nf1 Qc7 14. Ne3 Rfd8 15. Nf5 Bf8 16. Bg5 Rxd1+ 17. Rxd1 Ne8 18. g4 Bg6 19. N3h4 f6 20. Be3 Bf7 21. Ng3 Rd8 22. b3 a5 23. Ne2 c4 24. Nf5 cxb3 25. axb3 Nb4 26. Qb1 Na6 27. f4 g6 28. Nfg3 Rxd1+ 29. Qxd1 Nc5 30. b4 axb4 31. cxb4 Na6 32. fxe5 fxe5 33. Bf1 Nxb4 34. Nc1 Nc2 35. Bf2 b4 36. Qd3 Nd4 37. Bxd4 exd4 38. Nge2 Bh6 39. Nb3 Be3+ 40. Kg2 Bc4 41. Qb1 d3 42. Ned4 Qf4 43. Nf3 Qxe4 44. Na5 Bd5 45. Qd1 Bb6 46. Nb3 Qe3 0-1

[Event "Civil Service Ch 5th"]
[Site "Leeds"]
[Date "1995.??.??"]
[Round "4"]
[White "Tysoe, Brian"]
[Black "Hubbard, David M"]
[Result "0-1"]
[WhiteElo "1800"]
[BlackElo "2065"]
[PlyCount "80"]
[EventDate "1995.04.??"]
[EventType "swiss"]
[EventRounds "5"]
[EventCountry "ENG"]
[SourceTitle "BritBase"]
[Source "John Saunders"]
[SourceDate "2024.12.03"]
[SourceVersion "1"]
[SourceVersionDate "2024.12.03"]
[SourceQuality "1"]

1. e4 e6 2. d4 d5 3. e5 c5 4. c3 Nc6 5. Be3 cxd4 6. cxd4 f6 7. f4 Bb4+ 8. Nc3 fxe5 9. dxe5 d4 10. Bxd4 Qxd4 11. Qxd4 Nxd4 12. O-O-O Bxc3 13. bxc3 Nc6 14. Nf3 Nge7 15. Ng5 Nd5 16. Ne4 Nxf4 17. Bb5 O-O 18. g3 Ng6 19. Bc4 Ngxe5 20. Bb3 Na5 21. Bc2 Bd7 22. Ng5 h6 23. Nh3 Rac8 24. Rhe1 Nac4 25. Bb3 Rfd8 26. Nf4 g5 27. Nh5 Bc6 28. Rxd8+ Rxd8 29. Bxc4 Nxc4 30. Rxe6 Rd6 31. Nf6+ Kf7 32. Rxd6 Nxd6 33. Ng4 h5 34. Ne5+ Kf6 35. Nxc6 bxc6 36. Kc2 g4 37. Kb3 Ke5 38. Kb4 Kd5 39. a4 Nc4 40. a5 Ne3 0-1

[Event "Civil Service Ch 5th"]
[Site "Leeds"]
[Date "1995.??.??"]
[Round "4"]
[White "Maxwell, Alistair"]
[Black "Phillips, Owen S"]
[Result "1/2-1/2"]
[WhiteElo "2050"]
[BlackElo "2010"]
[PlyCount "45"]
[EventDate "1995.04.??"]
[EventType "swiss"]
[EventRounds "5"]
[EventCountry "ENG"]
[SourceTitle "BritBase"]
[Source "John Saunders"]
[SourceDate "2024.12.03"]
[SourceVersion "1"]
[SourceVersionDate "2024.12.03"]
[SourceQuality "1"]

1. c4 g6 2. Nc3 Bg7 3. Nf3 d6 4. g3 e5 5. d3 c6 6. Bg2 Bg4 7. Qb3 Qc7 8. h3 Bxf3 9. Bxf3 Nd7 10. O-O Ne7 11. Qc2 h5 12. Ne4 Nc5 13. b4 Nxe4 14. dxe4 Qd7 15. Bg2 h4 16. g4 f5 17. g5 f4 18. Kh2 Rh5 19. e3 Rxg5 20. exf4 exf4 21. Bxf4 Rxg2+ 22. Kxg2 Bxa1 23. Rxa1 1/2-1/2

[Event "Civil Service Ch 5th"]
[Site "Leeds"]
[Date "1995.??.??"]
[Round "4"]
[White "Archer, Richard P"]
[Black "Brocklehurst, Andrew"]
[Result "1-0"]
[WhiteElo "1920"]
[BlackElo "2040"]
[PlyCount "57"]
[EventDate "1995.04.??"]
[EventType "swiss"]
[EventRounds "5"]
[EventCountry "ENG"]
[SourceTitle "BritBase"]
[Source "John Saunders"]
[SourceDate "2024.12.03"]
[SourceVersion "1"]
[SourceVersionDate "2024.12.03"]
[SourceQuality "1"]

1. e4 c5 2. Nf3 Nc6 3. Nc3 g6 4. Bc4 Bg7 5. a3 a6 6. d3 e6 7. Bf4 b5 8. Bb3 d6 9. O-O Nge7 10. Re1 Qc7 11. Qd2 h5 12. Rab1 Nd4 13. Qd1 Bb7 14. Nxd4 cxd4 15. Ne2 e5 16. Bg5 O-O 17. Rc1 Kh7 18. c3 Qd7 19. cxd4 exd4 20. Ng3 f6 21. Bf4 h4 22. Nf5 Nxf5 23. Qg4 g5 24. exf5 d5 25. Rc7 Rfe8 26. Rf1 Qd8 27. Qh5+ Kg8 28. Qf7+ Kh8 29. Qxg7# 1-0

[Event "Civil Service Ch 5th"]
[Site "Leeds"]
[Date "1995.??.??"]
[Round "4"]
[White "Tolan, John"]
[Black "Brusey, Alan W"]
[Result "1-0"]
[WhiteElo "2040"]
[BlackElo "2015"]
[PlyCount "57"]
[EventDate "1995.04.??"]
[EventType "swiss"]
[EventRounds "5"]
[EventCountry "ENG"]
[SourceTitle "BritBase"]
[Source "John Saunders"]
[SourceDate "2024.12.03"]
[SourceVersion "1"]
[SourceVersionDate "2024.12.03"]
[SourceQuality "1"]

1. e4 e6 2. b3 b6 3. Bb2 Bb7 4. Nc3 d5 5. exd5 exd5 6. Bd3 Nf6 7. Nf3 Be7 8. O-O d4 9. Nb5 c5 10. Na3 O-O 11. Re1 Nc6 12. Nc4 Nb4 13. Be2 Be4 14. d3 Bb7 15. c3 dxc3 16. Bxc3 Nfd5 17. Be5 f6 18. Bb2 b5 19. Na3 a6 20. d4 Nf4 21. Bf1 cxd4 22. Nxd4 Bc5 23. Nf5 Qb6 24. Bd4 Bxd4 25. Qxd4 Nh3+ 26. gxh3 Qa5 27. Re7 Rab8 28. Rxg7+ Kh8 29. Qh4 1-0

[Event "Civil Service Ch 5th"]
[Site "Leeds"]
[Date "1995.??.??"]
[Round "4"]
[White "Howarth, Ian S"]
[Black "McDowell, M"]
[Result "0-1"]
[WhiteElo "1760"]
[BlackElo "1745"]
[PlyCount "80"]
[EventDate "1995.04.??"]
[EventType "swiss"]
[EventRounds "5"]
[EventCountry "ENG"]
[SourceTitle "BritBase"]
[Source "John Saunders"]
[SourceDate "2024.12.03"]
[SourceVersion "1"]
[SourceVersionDate "2024.12.03"]
[SourceQuality "1"]

1. e4 e5 2. Nf3 Nf6 3. d4 Nxe4 4. Bd3 d5 5. Nxe5 Be7 6. Qf3 Nf6 7. h3 Be6 8. O-O Nfd7 9. Re1 Nxe5 10. dxe5 Qd7 11. Nc3 Nc6 12. Bd2 O-O-O 13. Bb5 f6 14. Qe2 Rhe8 15. Bf4 fxe5 16. Bxe5 Bd6 17. Na4 a6 18. Bxa6 Nxe5 19. Bb5 Nc6 20. Qd3 g6 21. g4 Bxg4 22. Bxc6 Qxc6 23. Rxe8 Qxe8 24. Qd4 Bxh3 25. Nb6+ Kb8 26. Nxd5 Qe5 27. Qxe5 Bxe5 28. Ne3 Bxb2 29. Rb1 Bd4 30. Nc4 Rf8 31. Na5 Bb6 32. Kh2 Bxa5 33. Kxh3 Rxf2 34. Rb5 b6 35. c4 Rf4 36. c5 Rb4 37. Rxb4 Bxb4 38. c6 b5 39. Kg4 Ka7 40. Kg5 Kb6 0-1

[Event "Civil Service Ch 5th"]
[Site "Leeds"]
[Date "1995.??.??"]
[Round "5"]
[White "Thurlow, Kevin J"]
[Black "Ashby, Anthony C"]
[Result "0-1"]
[WhiteElo "2050"]
[BlackElo "2095"]
[PlyCount "74"]
[EventDate "1995.04.??"]
[EventType "swiss"]
[EventRounds "5"]
[EventCountry "ENG"]
[SourceTitle "BritBase"]
[Source "John Saunders"]
[SourceDate "2024.12.03"]
[SourceVersion "1"]
[SourceVersionDate "2024.12.03"]
[SourceQuality "1"]

1. c4 d6 2. d4 f5 3. Nc3 g6 4. g3 Bg7 5. Bg2 Nf6 6. e3 O-O 7. Nge2 Nbd7 8. Nf4 Nb6 9. b3 e5 10. Nfd5 Nbxd5 11. Nxd5 exd4 12. exd4 Re8+ 13. Be3 Ng4 14. O-O c6 15. h3 Nxe3 16. Nxe3 f4 17. gxf4 Qh4 18. Qf3 Rf8 19. f5 Bxf5 20. Nxf5 Rxf5 21. Qe2 Bxd4 22. Rad1 Be5 23. Qg4 Qf6 24. Rd2 Rf8 25. Qe4 Qg5 26. Re2 Rf4 27. Qe3 c5 28. Kh1 Qh5 29. Qd3 Kg7 30. Kg1 b6 31. Re4 Qh4 32. Qd5 R8f5 33. Qb7+ Kh6 34. Rxe5 dxe5 35. Qxa7 Rxf2 36. Rxf2 Qxf2+ 37. Kh2 e4 0-1

[Event "Civil Service Ch 5th"]
[Site "Leeds"]
[Date "1995.??.??"]
[Round "5"]
[White "Hubbard, David M"]
[Black "Tolan, John"]
[Result "1-0"]
[WhiteElo "2065"]
[BlackElo "2040"]
[PlyCount "69"]
[EventDate "1995.04.??"]
[EventType "swiss"]
[EventRounds "5"]
[EventCountry "ENG"]
[SourceTitle "BritBase"]
[Source "John Saunders"]
[SourceDate "2024.12.03"]
[SourceVersion "1"]
[SourceVersionDate "2024.12.03"]
[SourceQuality "1"]

1. e4 c5 2. c3 d5 3. exd5 Qxd5 4. d4 Nf6 5. Nf3 Bg4 6. Be2 Nc6 7. h3 Bh5 8. O-O e6 9. Re1 Be7 10. Be3 cxd4 11. cxd4 O-O 12. Nc3 Qa5 13. Qb3 Qb4 14. g4 Qxb3 15. axb3 Bg6 16. Ne5 Bc2 17. g5 Ne4 18. h4 Nxc3 19. bxc3 Bxb3 20. Reb1 Bd5 21. c4 Be4 22. Rxb7 Nxd4 23. Rxe7 Nxe2+ 24. Kf1 Nc3 25. Bd4 Nb1 26. Raxa7 Rxa7 27. Rxa7 Rd8 28. f3 Rxd4 29. fxe4 g6 30. c5 Nd2+ 31. Kg2 Nc4 32. Nd7 Rd2+ 33. Kg1 Rc2 34. Ra8+ Kg7 35. Nf6 1-0

[Event "Civil Service Ch 5th"]
[Site "Leeds"]
[Date "1995.??.??"]
[Round "5"]
[White "Charter, Mark R"]
[Black "Maxwell, Alistair"]
[Result "1/2-1/2"]
[WhiteElo "2185"]
[BlackElo "2050"]
[PlyCount "53"]
[EventDate "1995.04.??"]
[EventType "swiss"]
[EventRounds "5"]
[EventCountry "ENG"]
[SourceTitle "BritBase"]
[Source "John Saunders"]
[SourceDate "2024.12.03"]
[SourceVersion "1"]
[SourceVersionDate "2024.12.03"]
[SourceQuality "1"]

1. e4 e5 2. Nf3 Nc6 3. Bb5 a6 4. Ba4 Nf6 5. d3 d6 6. h3 g6 7. Bg5 Bg7 8. Nc3 h6 9. Bh4 O-O 10. Qd2 Kh7 11. g4 Nd4 12. Nxd4 exd4 13. Nd5 g5 14. Nxf6+ Qxf6 15. Bg3 Qf3 16. O-O Be5 17. Kh2 b5 18. Bb3 Be6 19. Qd1 Qxd1 20. Raxd1 c5 21. c4 bxc4 22. Bxc4 Bxc4 23. dxc4 Rab8 24. b3 a5 25. f4 gxf4 26. Bxf4 f6 27. Rd3 1/2-1/2

[Event "Civil Service Ch 5th"]
[Site "Leeds"]
[Date "1995.??.??"]
[Round "5"]
[White "Phillips, Owen S"]
[Black "Archer, Richard P"]
[Result "1/2-1/2"]
[WhiteElo "2005"]
[BlackElo "1920"]
[PlyCount "39"]
[EventDate "1995.04.??"]
[EventType "swiss"]
[EventRounds "5"]
[EventCountry "ENG"]
[SourceTitle "BritBase"]
[Source "John Saunders"]
[SourceDate "2024.12.03"]
[SourceVersion "1"]
[SourceVersionDate "2024.12.03"]
[SourceQuality "1"]

1. Nc3 d5 2. e4 dxe4 3. Nxe4 e6 4. Nf3 Nf6 5. Nxf6+ Qxf6 6. d4 h6 7. Bd3 Bd6 8. Be3 Bd7 9. Nd2 Bc6 10. Ne4 Bxe4 11. Bxe4 c6 12. Qd2 Nd7 13. f4 Nb6 14. b3 Nd5 15. O-O Nxe3 16. Qxe3 O-O 17. c4 Rad8 18. Rad1 Bc7 19. Kh1 Rfe8 20. Rd3 1/2-1/2

[Event "Civil Service Ch 5th"]
[Site "Leeds"]
[Date "1995.??.??"]
[Round "5"]
[White "Williams, D"]
[Black "Pheby, Ian M"]
[Result "1/2-1/2"]
[WhiteElo "1895"]
[BlackElo "2005"]
[PlyCount "87"]
[EventDate "1995.04.??"]
[EventType "swiss"]
[EventRounds "5"]
[EventCountry "ENG"]
[SourceTitle "BritBase"]
[Source "John Saunders"]
[SourceDate "2024.12.03"]
[SourceVersion "1"]
[SourceVersionDate "2024.12.03"]
[SourceQuality "1"]

1. e4 c6 2. c4 e5 3. Nf3 d6 4. d4 Bg4 5. Be2 Nd7 6. Nc3 Ngf6 7. Be3 Be7 8. Nd2 Bxe2 9. Qxe2 Qc7 10. d5 c5 11. O-O a6 12. g3 O-O 13. a3 g6 14. b4 b6 15. Rfb1 Ne8 16. f3 Ng7 17. a4 f5 18. exf5 Nxf5 19. Nce4 Nd4 20. Bxd4 exd4 21. b5 a5 22. f4 Rae8 23. Qd3 Kg7 24. Rf1 h6 25. Nf3 Nf6 26. Nxf6 Bxf6 27. Rae1 Qd7 28. Rxe8 Rxe8 29. Re1 Rxe1+ 30. Nxe1 Qe7 31. Kf2 Kf7 32. Qe2 Qd7 33. Kg2 Qc8 34. h3 Qd7 35. g4 Qc8 36. Kg3 Qd7 37. Qe4 Qe7 38. Qxe7+ Kxe7 39. h4 Kf7 40. g5 Bg7 41. Nd3 hxg5 42. hxg5 Ke7 43. Kf3 Kf7 44. Ke4 1/2-1/2

[Event "Civil Service Ch 5th"]
[Site "Leeds"]
[Date "1995.??.??"]
[Round "5"]
[White "Brocklehurst, Andrew"]
[Black "Tysoe, Brian"]
[Result "0-1"]
[WhiteElo "1840"]
[BlackElo "1800"]
[PlyCount "62"]
[EventDate "1995.04.??"]
[EventType "swiss"]
[EventRounds "5"]
[EventCountry "ENG"]
[SourceTitle "BritBase"]
[Source "John Saunders"]
[SourceDate "2024.12.03"]
[SourceVersion "1"]
[SourceVersionDate "2024.12.03"]
[SourceQuality "1"]

1. a3 e5 2. c4 Nc6 3. g3 f5 4. Bg2 Nf6 5. Nc3 a5 6. e3 Bc5 7. Nge2 e4 8. d3 exd3 9. Qxd3 d6 10. e4 Ne5 11. Qc2 Nfg4 12. O-O Nxf2 13. Rxf2 Ng4 14. Nd1 O-O 15. e5 dxe5 16. Qd2 f4 17. Qd5+ Qxd5 18. Bxd5+ Kh8 19. gxf4 exf4 20. Bxf4 Nxf2 21. Nxf2 Bxf2+ 22. Kg2 Bb6 23. h3 c6 24. Bf3 Bc5 25. Rd1 Be6 26. Nc3 Rxf4 27. Ne4 Be7 28. Kg3 Raf8 29. Nd2 Bxc4 30. Re1 Bh4+ 31. Kg2 Bxe1 0-1

[Event "Civil Service Ch 5th"]
[Site "Leeds"]
[Date "1995.??.??"]
[Round "5"]
[White "Carr, J"]
[Black "Pendlebury, Ian G"]
[Result "1/2-1/2"]
[WhiteElo "1785"]
[BlackElo "1850"]
[PlyCount "80"]
[EventDate "1995.04.??"]
[EventType "swiss"]
[EventRounds "5"]
[EventCountry "ENG"]
[SourceTitle "BritBase"]
[Source "John Saunders"]
[SourceDate "2024.12.03"]
[SourceVersion "1"]
[SourceVersionDate "2024.12.03"]
[SourceQuality "1"]

1. c4 e6 2. e3 d5 3. d4 Nf6 4. Bd3 Be7 5. Ne2 O-O 6. O-O Nbd7 7. f4 g6 8. Nbc3 a6 9. Bd2 dxc4 10. Bxc4 b5 11. Bd3 Bb7 12. a3 c5 13. b3 Qb6 14. h3 Rad8 15. Qc2 cxd4 16. exd4 Rc8 17. Qb2 Rfd8 18. Rad1 Bf8 19. Be1 Bg7 20. Bh4 Re8 21. Bxf6 Nxf6 22. Kh1 Red8 23. Bb1 Nd5 24. Nxd5 Rxd5 25. Be4 Rd7 26. Bxb7 Qxb7 27. Rc1 Rcd8 28. Rfd1 Qe4 29. Qc2 Qe3 30. Rd3 Qe4 31. Rdd1 Qd5 32. Qc6 Qxb3 33. Qxa6 Qb2 34. Re1 Bf8 35. Rb1 Qxa3 36. Qxa3 Bxa3 37. Rxb5 Kg7 38. Reb1 h5 39. Rb7 h4 40. Kg1 Be7 1/2-1/2